Acerte o país com essas dicas#4 - Statistics

Estatísticas Gerais
  • Esse quiz foi jogado 174 vezes
  • A pontuação média é 6 de 15
Estatísticas das Respostas
DICA PAÍS % Correto
Colônia holandesa na América do Sul Suriname
80%
Ponto mais alto do planeta terra fica neste país Nepal
74%
Pequeno país entre a Espanha e França Andorra
70%
Único país do mundo a ter uma arma moderna na sua bandeira(AK-47) Moçambique
60%
Maior país a África subsaariana em área República Democrática do Congo
59%
Sua capital é Praia Cabo Verde
47%
Teve uma das personalidades mais controversas da história de seu continente como seu ditador, Solano López Paraguai
47%
Pior IDH do mundo Níger
38%
O melhor time de futebol do seu país é o Sheriff Tiraspol Moldávia
34%
Enclave africano Lesoto
33%
Perdedor da guerra do pacífico Bolívia
30%
Ganha maior parte do seu dinheiro pela venda de seu domínio na internet Tuvalu
16%
Sua capital é conhecida como cidade do Mármore Turcomenistão
11%
Vai receber investimentos para uma grande obra chinesa em seu território Nicarágua
9%
Sua capital, em questão de beleza é uma das mais subestimadas Azerbaijão
3%
Nenhum quiz correspondente encontrado
Distribuição das Pontuações
Porcentagem de Pessoas com Cada Pontuação
Percentil de Números Respondidos
Sua Pontuação Histórica
Você não jogou esse quiz